00515nam a22001697a 4500020001500000082003000015100002600045245002600071250000900097260004700106300001300153526003700166650001300203942001200216999001900228952009800247 a1840841818 a641.5954bSHEcN-01, P-50 aShehzad Husain944924 aWhat's Cooking Indian a1998 aLondonbDempsey Parr Clifton Bristolc1998 a256 P, : a0b0c0d641_595400000000000_SHE aMCE9379 2ddccBK c548578d548578 00102ddc4070aMCEbMCEd2014-09-01l0o641.5954 SHEpMCE-44722r2014-09-01w2014-09-01yBK